Papes ayant eu les pontificats les plus longs. - Statistiques

Statistiques générales
  • Ce quiz a été pris 102 fois
  • Le résultat moyen est 7 sur 11
Statistiques - réponses
Pontificat Pape Durée % Correct
1978 - 2005 Jean-Paul II 26 ans, 5 mois et 17 jours
100%
1846 - 1878 Pie IX 31 ans, 7 mois et 22 jours
93%
1775 - 1799 Pie VI 24 ans, 6 mois et 14 jours
93%
1800 - 1823 Pie VII 23 ans, 5 mois et 6 jours
93%
33 - 64/67 Pierre 31 - 34 ans
84%
440 - 461 Léon Ier 21 ans, 1 mois et 12 jours
51%
1878 - 1903 Léon XIII 25 ans et 5 mois
51%
1623 - 1644 Urbain VIII 20 ans, 11 mois et 23 jours
51%
1159 - 1181 Alexandre III 21 ans, 11 mois et 23 jours
36%
772 - 795 Adrien Ier 23 ans, 10 mois et 24 jours
19%
314 - 335 Sylvestre Ier 21 ans et 11 mois
14%
Aucun quiz correspondant
Distribution des résultats
% des personnes avec chaque résultat
Percentile par nombre de réponses
Votre historique - résultats
Vous n’avez pas pris ce quiz